The chrysanthemum and the sword : (Record no. 591717)
[ view plain ]
| 000 -LEADER | |
|---|---|
| fixed length control field | 00424nam a22001337a 4500 |
| 020 ## - INTERNATIONAL STANDARD BOOK NUMBER | |
| International Standard Book Number | 9787506065894 |
| 082 ## - DEWEY DECIMAL CLASSIFICATION NUMBER | |
| Classification number | 915.2 |
| Author Mark | BEN |
| 100 ## - MAIN ENTRY--PERSONAL NAME | |
| Personal name | Benedict, Ruth |
| 245 ## - TITLE STATEMENT | |
| Title | The chrysanthemum and the sword : |
| Remainder of title | patterns of Japanese culture (Chinese Edition) / |
| Statement of responsibility, etc. | Ruth Benedict |
| 260 ## - PUBLICATION, DISTRIBUTION, ETC. | |
| Place of publication, distribution, etc. | Boston : |
| Name of publisher, distributor, etc. | CNPIE Group Corporation, |
| Date of publication, distribution, etc. | 2013. |
| 300 ## - PHYSICAL DESCRIPTION | |
| Extent | 238 p. ; |
| Dimensions | 23 cm. |
| 880 ## - ALTERNATE GRAPHIC REPRESENTATION | |
| Linkage | 245-02\r |
| Title | 菊花与刀 / |
| 942 ## - ADDED ENTRY ELEMENTS (KOHA) | |
| Source of classification or shelving scheme | |
| Koha item type | Book |
| Withdrawn status | Lost status | Source of classification or shelving scheme | Damaged status | Not for loan | Permanent Location | Current Location | Shelving location | Date acquired | Source of acquisition | Total Checkouts | Full call number | Barcode | Date last seen | Price effective from | Koha item type |
|---|---|---|---|---|---|---|---|---|---|---|---|---|---|---|---|
| Central Library (CL) | Central Library (CL) | Chinese Studies | 10/12/2022 | Donated by China Embassy | 915.2 BEN | CL-D-2074 | 10/12/2022 | 10/12/2022 | Book |
